Foods of the Rainbow Quiz Stats

 Plays Quiz Updated Jan 21, 2016

Support Sporcle.
Go Orange.
Score 0/30 Timer 05:00
4 Plays Today
% Correct
Cherries
99%
Oranges
98.7%
Bananas
98.2%
Tomato
97.5%
Lime
97.2%
Lemons
97.1%
Carrots
96.9%
Corn
96.8%
Cheddar Cheese
96.5%
Strawberry
96.3%
Blueberries
95.9%
Lobster
95.9%
Cucumber
95.8%
Pumpkin
95.7%
Pineapple
95.4%
% Correct
Broccoli
93.7%
Eggplants
93.1%
Cotton Candy
92.3%
Plums
92.1%
Purple grapes
90.8%
Mustard
85.5%
Blue Raspberry Slurpee
85%
Blue M&M's
82.5%
Red Cabbage
82%
Pomegranates
76.3%
Papayas
59.6%
Pesto
57.7%
Figs
55.6%
Rock Candy
54.9%
Okra
51.5%

From the Vault

Which of the Two Similar Movies...?

by DarkPhalanx

Movies 5m
We think we've seen this one before...
Remove Ads.
Support Sporcle.
Get the best of Sporcle when you Go Orange. This ad-free experience offers more features, more stats, and more fun while also helping to support Sporcle. Thank you for becoming a member.

Show Comments

Extras

Top Quizzes Today


Score Distribution

Your Account Isn't Verified!

In order to create a playlist on Sporcle, you need to verify the email address you used during registration. Go to your Sporcle Settings to finish the process.

Report this User

Report this user for behavior that violates our Community Guidelines.

Details: